| Tag |
First Indicator |
Second Indicator |
Subfields |
| LEADER |
00000cam a2200000 i 4500 |
| 001 |
in00000665690 |
| 005 |
20151015085902.0 |
| 008 |
800206s1980 nyua b 00100 eng |
| 010 |
|
|
|a 80011191
|
| 020 |
|
|
|a 0122997506
|
| 035 |
|
|
|a (OCoLC)06043055
|
| 035 |
|
|
|9 ACY3669AM
|
| 040 |
|
|
|a DLC
|c DLC
|d CUX
|d TXA
|d UtOrBLW
|
| 049 |
|
|
|a TXAM
|c [1653001]
|
| 050 |
0 |
0 |
|a RJ399.M26
|b S62
|
| 060 |
|
0 |
|a WS115 S674
|
| 082 |
0 |
|
|a 618.92/39
|
| 245 |
0 |
0 |
|a Social and biological predictors of nutritional status, physical growth, and neurological development /
|c edited by Lawrence S. Greene, Francis E. Johnston.
|
| 264 |
|
1 |
|a New York :
|b Academic Press,
|c 1980.
|
| 300 |
|
|
|a xv, 344 pages :
|b illustrations ;
|c 24 cm.
|
| 336 |
|
|
|a text
|b txt
|2 rdacontent
|
| 337 |
|
|
|a unmediated
|b n
|2 rdamedia
|
| 338 |
|
|
|a volume
|b nc
|2 rdacarrier
|
| 504 |
|
|
|a Includes bibliographies and index.
|
| 650 |
|
0 |
|a Malnutrition in children.
|
| 650 |
|
0 |
|a Children
|x Nutrition.
|
| 650 |
|
0 |
|a Children
|x Anthropometry.
|
| 650 |
|
0 |
|a Child development.
|
| 650 |
|
2 |
|a Child Nutritional Physiological Phenomena.
|
| 650 |
|
2 |
|a Infant Nutritional Physiological Phenomena.
|
| 650 |
|
2 |
|a Nutrition Disorders
|x In infancy and childhood.
|
| 650 |
|
2 |
|a Child Development
|x growth & development.
|
| 650 |
|
2 |
|a Growth.
|
| 650 |
|
2 |
|a Child Development.
|
| 700 |
1 |
|
|a Greene, Lawrence S.
|
| 700 |
1 |
|
|a Johnston, Francis E.,
|d 1931-
|
| 999 |
|
|
|a MARS
|
| 999 |
f |
f |
|s 0ecf9e2a-369a-379f-9aa7-f6cf9f10bbd1
|i cb61fda9-a8de-30ae-98b1-72afaf3b286f
|t 0
|
| 952 |
f |
f |
|p ric
|a Texas A&M University
|b Rellis Campus
|c Joint Library Facility
|d Remote Storage
|t 0
|e RJ399.M26 S62
|h Library of Congress classification
|i unmediated -- volume
|m A14805144547
|
| 998 |
f |
f |
|a RJ399.M26 S62
|t 0
|l Remote Storage
|